Essentials of international relations. (Record no. 180030)

MARC details
000 -LEADER
fixed length control field 00472nam a2200169Ia 4500
008 - FIXED-LENGTH DATA ELEMENTS--GENERAL INFORMATION
fixed length control field 210707s1977 xx 000 0 und d
041 ## - LANGUAGE CODE
Language code of text/sound track or separate title eng
082 ## - DEWEY DECIMAL CLASSIFICATION NUMBER
Classification number 327 VARE
100 ## - MAIN ENTRY--PERSONAL NAME
Personal name VARMA (O P) & SIDDIQUE (M A)
245 ## - TITLE STATEMENT
Title Essentials of international relations.
260 ## - PUBLICATION, DISTRIBUTION, ETC.
Place of publication, distribution, etc. ND
Name of publisher, distributor, etc. Careers Digest Publications
Date of publication, distribution, etc. 1977
300 ## - PHYSICAL DESCRIPTION
Extent 578 p
365 ## - TRADE PRICE
Price amount 15
Currency code INR
563 ## - BINDING INFORMATION
Binding note PB
650 ## - SUBJECT ADDED ENTRY--TOPICAL TERM
Topical term or geographic name entry element International Relations
906 ## - LOCAL DATA ELEMENT F, LDF (RLIN)
a International relations after 1 world war
Holdings
Withdrawn status Lost status Damaged status Not for loan Collection code Home library Current library Date acquired Source of acquisition Cost, normal purchase price Total Checkouts Full call number Barcode Date last seen Price effective from Koha item type
          St Aloysius Library St Aloysius Library 11/05/1977 Athree Book Centre, Mangalore-01. 15.00   327 VARE BB03723 07/08/2021 07/08/2021 Book Bank